000 004280000a22001690004500
003 LK-CoMWRAF
008 230817t ||||| |||| 00| 0 eng d
020 _a9559189026
040 _aLK-CoMWRAF
_dLK-CoMWRAF
_eLK-CoMWRAF
041 _aeng
082 _a060
_bVIT
245 _aVital Statistics 1991: Sri Lanka
_b
260 _aColombo
_bRegistrar General's Dept.
_c1996
300 _ap.334
650 _astatistics
942 _cBK
999 _c3057
_d3057